Sevilla / (Record no. 11441)

MARC details
000 -LEADER
campo de control de longitud fija 01057nam a22003135i 4500
001 - NÚMERO DE CONTROL
campo de control 11441
003 - IDENTIFICADOR DE NÚMERO DE CONTROL
campo de control ES-MaACL
005 - FECHA Y HORA DE LA ÚLTIMA TRANSACCIÓN
campo de control 20230906150113.0
007 - CAMPO FIJO DE DESCRIPCIÓN FÍSICA--INFORMACIÓN GENERAL
campo de control de longitud fija t|
008 - DATOS DE LONGITUD FIJA--INFORMACIÓN GENERAL
campo de control de longitud fija 921104s1992 sp ||||0| spa j
020 ## - NÚMERO INTERNACIONAL ESTÁNDAR DEL LIBRO
Número Internacional Estándar del Libro 84-7100-361-9
040 ## - FUENTE DE CATALOGACIÓN
Centro catalogador/agencia de origen M-BN
Lengua de catalogación spa
Centro/agencia transcriptor M-BN
080 ## - NÚMERO DE LA CLASIFICACIÓN DECIMAL UNIVERSAL
Número de la Clasificación Decimal Universal 946.035.3 S
080 ## - NÚMERO DE LA CLASIFICACIÓN DECIMAL UNIVERSAL
Número de la Clasificación Decimal Universal 711.4(460.353 S.)(091)
245 00 - MENCIÓN DEL TÍTULO
Título Sevilla /
Mención de responsabilidad, etc. Antonio García-Baquero (coord.), Antonio Collantes de Terán, Antonio Miguel Bernal, Manuel Trillo.
260 ## - PUBLICACIÓN, DISTRIBUCIÓN, ETC.
Lugar de publicación, distribución, etc. Madrid :
Nombre del editor, distribuidor, etc. MAPFRE,
Fecha de publicación, distribución, etc. [1992]
300 ## - DESCRIPCIÓN FÍSICA
Extensión 363 p :
Otras características físicas il ;
Dimensiones 23 cm.
490 1# - MENCIÓN DE SERIE
Mención de serie Colección Ciudades de Iberoamérica ;
Designación de volumen o secuencia 8
500 ## - NOTA GENERAL
Nota general Indice.
504 ## - NOTA DE BIBLIOGRAFÍA, ETC.
Nota de bibliografía, etc. Bibliografía: p. [347]-351.
651 #4 - PUNTO DE ACCESO ADICIONAL DE MATERIA--NOMBRE GEOGRÁFICO
Nombre geográfico Sevilla-
Subdivisión general Historia.
9 (RLIN) 9387
651 #4 - PUNTO DE ACCESO ADICIONAL DE MATERIA--NOMBRE GEOGRÁFICO
Nombre geográfico Urbanismo-
Subdivisión geográfica Sevilla-
Subdivisión de forma Historia.
9 (RLIN) 179084
700 1# - ENTRADA AGREGADA--NOMBRE PERSONAL
Nombre de persona Collantes de Terán Sánchez, Antonio.
9 (RLIN) 39671
700 1# - ENTRADA AGREGADA--NOMBRE PERSONAL
Nombre de persona Bernal, Antonio Miguel.
9 (RLIN) 28174
700 1# - ENTRADA AGREGADA--NOMBRE PERSONAL
Nombre de persona Trillo de Leyva, Manuel.
9 (RLIN) 111435
830 0# - PUNTO DE ACCESO ADICIONAL DE SERIE-TÍTULO UNIFORME
Título uniforme Colección Ciudades de Iberoamérica ;
Designación de volumen o secuencia 8
9 (RLIN) 179074
852 ## - LOCALIZACIÓN
Ubicación ES-MaACL
Número de control de estantería L-18766
Sublocalización o colección R.124042
Holdings
Estatus retirado Estado de pérdida Estado de daño No para préstamo Biblioteca de origen Biblioteca actual Ubicación en estantería Fecha de adquisición Fuente de adquisición Total de préstamos Signatura topográfica completa Código de barras Visto por última vez Precio de reemplazo Tipo de ítem Koha
        Biblioteca del Ateneo de Madrid Biblioteca del Ateneo de Madrid Depósito 2 17/01/2008     L-18766 1011664 23/02/2023 23/02/2023 Libro impreso